| 000 | 01124cam a2200301 a 4500 | ||
|---|---|---|---|
| 001 | 15575009 | ||
| 003 | ARRUPE | ||
| 005 | 20131007145207.0 | ||
| 008 | 090105s2009 miu b 001 0 eng | ||
| 010 | _a 2008054798 | ||
| 020 | _a9781587431661 (cloth) | ||
| 020 | _a1587431661 (cloth) | ||
| 035 | _a(OCoLC)ocn263987689 | ||
| 040 |
_aDLC _cDLC _dBTCTA _dYDXCP _dC#P _dBWX _dCDX _dDLC |
||
| 050 | 0 | 0 |
_aBS1545.53 _b.J46 2009 |
| 100 | 1 |
_aJenson, Robert W. _92163 |
|
| 245 | 1 | 0 |
_aEzekiel / _cRobert W. Jenson. |
| 260 |
_aGrand Rapids, Mich. : _bBrazos Press, _cc2009. |
||
| 300 |
_a367 p. ; _c24 cm. |
||
| 490 | 1 | _aBrazos theological commentary on the Bible | |
| 504 | _aIncludes bibliographical references (p. 347) and indexes. | ||
| 630 | 0 | 0 |
_aBible. _pEzekiel _vCommentaries. _92164 |
| 630 | 0 | 0 |
_aBible. _pEzekiel _xTheology. _92165 |
| 830 | 0 |
_aBrazos theological commentary on the Bible. _92166 |
|
| 906 |
_a7 _bcbc _corignew _d1 _eecip _f20 _gy-gencatlg |
||
| 942 |
_2lcc _cMONOGRAPH |
||
| 999 |
_c118261 _d118261 |
||